Detalles MARC
| 000 -Cabecera |
| Campo de control de longitud fija |
01240ntm a22004577a 4500 |
| 005 - Fecha y hora de la última transacción |
| Campo de control |
20251125184920.0 |
| 008 - Elementos de longitud fija--Información general |
| Campo de control de longitud fija |
181130b2016 xxu||||| |||| 00| 0 spa d |
| 020 ## - International Standard Book Number |
| Número Internacional Estándar del Libro (ISBN) |
9789587781854 |
| 041 ## - Idioma |
| Código de idioma |
Español |
| 082 ## - Clasificación Decimal Dewey |
| Número de clasificación |
658.562 G633g |
| 100 ## - Entrada principal--Autor personal |
| Nombre personal |
Gómez Martínez, José Antonio |
| 9 (RLIN) |
50993 |
| 245 ## - Título propiamente dicho |
| Título |
Guía para la aplicación de ISO: 2015 |
| 260 ## - Pie de imprenta |
| Lugar de publicación, distribución, etc. |
Costa Rica |
| 260 ## - Pie de imprenta |
| Nombre del editor, distribuidor, etc. |
Alfaomega |
| 260 ## - Pie de imprenta |
| Fecha de publicación, distribución, etc. |
2016 |
| 300 ## - Descripción física |
| Extensión |
314 páginas |
| 490 ## - Serie |
| Título de la Serie |
Dirección y Administración de Empresas |
| 650 ## - Materia general |
| Temática (materia general) |
CONTROL DE CALIDAD |
| 650 ## - Materia general |
| Temática (materia general) |
ISO 9001: 2015 |
| 650 ## - Materia general |
| Temática (materia general) |
GESTIÓN DE CALIDAD |
| 650 ## - Materia general |
| Temática (materia general) |
NORMAS DE SISTEMAS DE GESTIÓN |
| 650 ## - Materia general |
| Temática (materia general) |
ANÁLISIS DAFO |
| 650 ## - Materia general |
| Temática (materia general) |
ENFOQUE AL CLIENTE |
| 650 ## - Materia general |
| Temática (materia general) |
POLÍTICA DE LA CALIDAD |
| 650 ## - Materia general |
| Temática (materia general) |
ISO 31000 |
| 650 ## - Materia general |
| Temática (materia general) |
PLANIFICACIÓN DE LOS CAMBIOS |
| 650 ## - Materia general |
| Temática (materia general) |
ALCANCES |
| 650 ## - Materia general |
| Temática (materia general) |
LIDERAZGO |
| 650 ## - Materia general |
| Temática (materia general) |
COMPROMISO |
| 650 ## - Materia general |
| Temática (materia general) |
PLANIFICACIÓN |
| 650 ## - Materia general |
| Temática (materia general) |
COMPETENCIAS |
| 650 ## - Materia general |
| Temática (materia general) |
TOMA DE CONCIENCIA |
| 650 ## - Materia general |
| Temática (materia general) |
COMUNICACIÓN |
| 650 ## - Materia general |
| Temática (materia general) |
CONTROL OPERACIONAL |
| 650 ## - Materia general |
| Temática (materia general) |
PRODUCTOS |
| 650 ## - Materia general |
| Temática (materia general) |
SERVICIOS |
| 650 ## - Materia general |
| Temática (materia general) |
EVALUACIÓN DEL DESEMPEÑO |
| 650 ## - Materia general |
| Temática (materia general) |
AUDITORÍA INTERNA |
| 650 ## - Materia general |
| Temática (materia general) |
MEJORA CONTINUA |
| 942 ## - Punto de acceso adicional KOHA |
| Tipo de ítem KOHA |
Libro |
| Fuente del sistema de clasificación o colocación |
Dewey Decimal Classification |